[Event "SR 4. liga A21 2015/2016"]
[Site "?"]
[Date "2016.01.10"]
[Round "6.6"]
[White "Musaev, Urmat"]
[Black "Davidik, Miroslav"]
[Result "1-0"]
[WhiteElo "1000"]
[BlackElo "1412"]
[PlyCount "67"]
[EventDate "2015.??.??"]

1. e4 d5 2. exd5 Qxd5 3. Nc3 Qa5 4. Bc4 c6 5. d4 Bf5 6. Nf3 Nf6 7. O-O e6 8.
Re1 Be7 9. Bf4 Nbd7 10. a3 h6 11. b4 Qd8 12. b5 O-O 13. bxc6 bxc6 14. Rb1 Nd5
15. Nxd5 exd5 16. Bd3 Bxd3 17. Qxd3 Re8 18. Rb7 Bf6 19. Rxe8+ Qxe8 20. Qf5 Nf8
21. c3 Qe4 22. Qxe4 dxe4 23. Ne5 Bxe5 24. Bxe5 Ne6 25. g3 a6 26. Rb6 Nd8 27.
Bc7 Ne6 28. Be5 Nd8 29. Kf1 a5 30. Ke2 f5 31. c4 Kf7 32. d5 cxd5 33. cxd5 Rc8
34. Bd4 {cas} 1-0

[Event "SR 4. liga A21 2015/2016"]
[Site "?"]
[Date "2016.01.24"]
[Round "7.1"]
[White "Zlamal, Marek"]
[Black "Kubis, Ivan"]
[Result "0-1"]
[WhiteElo "1730"]
[BlackElo "1939"]
[PlyCount "132"]
[EventDate "2015.??.??"]

1. d4 Nf6 2. Nf3 b6 3. c4 Ba6 4. e3 e6 5. Bd3 c5 6. O-O Bb7 7. Nc3 Be7 8. e4 d6
9. d5 O-O 10. h3 Nbd7 11. dxe6 fxe6 12. Ng5 Qc8 13. Nxe6 Re8 14. Nd5 Bxd5 15.
exd5 b5 16. b3 bxc4 17. bxc4 Rb8 18. Qf3 Ne5 19. Qg3 Nh5 20. Qe3 Bf6 21. Rb1
Rxb1 22. Bxb1 g6 23. Qb3 Ng7 24. Nxg7 Kxg7 25. f4 Nf7 26. f5 g5 27. Qg3 Qb7 28.
Bxg5 Nxg5 29. h4 h6 30. hxg5 hxg5 31. Re1 Rh8 32. Bc2 Qb2 33. Qd3 Qxa2 34. g3
Qa5 35. Rb1 Re8 36. Kf1 Qc7 37. Ba4 Re7 38. Bc2 Qa5 39. Rd1 Qc3 40. Qxc3 Bxc3
41. Rd3 Bb4 42. Rf3 Kf6 43. Kf2 Be1+ 44. Kf1 a5 45. g4 Bh4 46. Ra3 Re1+ 47. Kg2
Re2+ 48. Kf3 Rxc2 49. Rxa5 Rxc4 50. Ra6 Rc3+ 51. Ke4 Bg3 52. Ra8 Rc4+ 53. Kf3
Be5 54. Re8 Rf4+ 55. Ke3 Rxg4 56. Rf8+ Kg7 57. Ra8 Rf4 58. Ra1 Rxf5 59. Rd1 Kf6
60. Ra1 Bf4+ 61. Ke4 Re5+ 62. Kd3 Rxd5+ 63. Kc4 Rd4+ 64. Kc3 g4 65. Re1 Bd2+
66. Kc2 Bxe1 0-1

[Event "SR 4. liga A21 2015/2016"]
[Site "?"]
[Date "2016.01.24"]
[Round "7.1"]
[White "Zajicek, Ferdinand"]
[Black "Bartos, Bohumil"]
[Result "0-1"]
[WhiteElo "1774"]
[BlackElo "1675"]
[PlyCount "132"]
[EventDate "2015.??.??"]

1. e4 c5 2. Nf3 Nc6 3. Bc4 d6 4. Nc3 Nf6 5. h3 e6 6. a3 a6 7. d3 h6 8. O-O Be7
9. Ne2 b5 10. Ba2 O-O 11. Ng3 Qc7 12. Nh2 d5 13. c3 dxe4 14. Nxe4 Nxe4 15. dxe4
Bd6 16. f4 Bb7 17. Qh5 Ne7 18. e5 Qc6 19. Nf3 Bc7 20. Qg4 f5 21. Qg3 Bb6 22.
Be3 Kh7 23. Qf2 a5 24. b4 axb4 25. cxb4 Rxa3 26. Bd5 Nxd5 27. Rxa3 Nxe3 28.
Rxe3 c4 29. Kh2 Bxe3 30. Qxe3 c3 31. Rc1 Rc8 32. Qf2 Qc4 33. Nd4 Bd5 34. Nc2
Qe4 35. g4 Rc4 36. gxf5 Qxf5 37. Rf1 Be4 38. Ne3 Qg6 39. Nxc4 bxc4 40. Rg1 Qf7
41. Qe3 Bd3 42. b5 c2 43. b6 Qb7 44. Kg3 Qa8 45. Re1 Qb7 46. Qc5 Qa8 47. Qe7
Be4 48. Kh4 Bd5 49. Rg1 Qg8 50. b7 Bxb7 51. Qxb7 Qd8+ 52. Kg4 Qd1+ 53. Kh4 Qxg1
54. Qe4+ Qg6 55. Qxc4 Qf5 56. Kg3 Qg6+ 57. Kh2 h5 58. Kh1 h4 59. f5 Qxf5 60.
Qxh4+ Kg6 61. Qg3+ Qg5 62. Qd3+ Qf5 63. Qg3+ Kf7 64. Qe1 Qf3+ 65. Kh2 Qf4+ 66.
Kh1 c1=Q 0-1

[Event "SR 4. liga A21 2015/2016"]
[Site "?"]
[Date "2016.01.24"]
[Round "7.1"]
[White "Harasta, Marian"]
[Black "Kastler, Peter"]
[Result "0-1"]
[WhiteElo "1594"]
[BlackElo "1761"]
[PlyCount "80"]
[EventDate "2015.??.??"]

1. d4 d5 2. c4 e6 3. Nc3 Nf6 4. Nf3 Be7 5. Qc2 O-O 6. a3 Nbd7 7. e3 c6 8. c5
Qc7 9. b4 e5 10. Nxe5 Nxe5 11. dxe5 Qxe5 12. Bb2 Qg5 13. Ne2 Bf5 14. Qd1 Nd7
15. Ng3 Bg6 16. f4 Qh4 17. Be2 Bf6 18. Bxf6 Nxf6 19. O-O h6 20. f5 Bh7 21. Rf4
Qg5 22. Qd4 Rfe8 23. Bf3 Nd7 24. Nh5 Ne5 25. h4 Nxf3+ 26. Rxf3 Qxh5 27. Rg3 g6
28. Rf1 Re4 29. Qf6 Rxh4 30. fxg6 Rh1+ 31. Kf2 Rxf1+ 32. Kxf1 Bxg6 33. Qe7 Kh7
34. Qxb7 Qh1+ 35. Kf2 Rf8 36. Qxc6 Bd3 37. Rh3 Qf1+ 38. Kg3 Rg8+ 39. Kh4 Qxg2
40. Qf6 Qg4# 0-1

[Event "SR 4. liga A21 2015/2016"]
[Site "?"]
[Date "2016.01.24"]
[Round "7.1"]
[White "Papanek, Lubomir"]
[Black "Danihel, Jozef"]
[Result "1-0"]
[WhiteElo "1675"]
[BlackElo "1529"]
[PlyCount "133"]
[EventDate "2015.??.??"]

1. e4 d5 2. exd5 Nf6 3. Nf3 Nxd5 4. c4 Nb6 5. Nc3 e6 6. d4 c5 7. Be3 cxd4 8.
Nxd4 Be7 9. Ndb5 Bd7 10. Nd6+ Bxd6 11. Qxd6 Nc8 12. Qe5 O-O 13. Bd3 Nc6 14. Qh5
f5 15. O-O Be8 16. Qd1 Ne5 17. Be2 Qc7 18. b3 Bc6 19. f4 Ng6 20. Nb5 Qe7 21.
Qc2 a6 22. Nc3 Nh4 23. Bf3 Nxf3+ 24. gxf3 Qf7 25. Qg2 Ne7 26. Bc5 Rfd8 27. Bxe7
Qxe7 28. Rad1 Qf6 29. Ne2 Rxd1 30. Rxd1 Rd8 31. Rxd8+ Qxd8 32. Qf2 Qd3 33. Kg2
Kf7 34. Ng1 Qd6 35. Qe3 Qa3 36. Qd2 Qe7 37. Nh3 h6 38. b4 b6 39. a3 Qb7 40. Qe3
b5 41. c5 Bd5 42. Ng1 Qc7 43. Qe5 Qc6 44. Qb8 Bc4 45. Qe5 Qd7 46. Qc3 Qc6 47.
Qd4 Bd5 48. h4 Qd7 49. Kg3 Qc6 50. Qc3 Bc4 51. Qd4 Bd5 52. Qe3 Bc4 53. Nh3 Bd5
54. Nf2 Bc4 55. Nd3 Bxd3 56. Qxd3 Qd5 57. Qc3 Qc4 58. Qxc4 bxc4 59. Kf2 Ke7 60.
Ke3 Kd7 61. Kd4 e5+ 62. Kxc4 exf4 63. h5 Ke6 64. a4 g5 65. hxg6 h5 66. c6 h4
67. c7 1-0

[Event "SR 4. liga A21 2015/2016"]
[Site "?"]
[Date "2016.01.24"]
[Round "7.1"]
[White "Davidik, Miroslav"]
[Black "Mraz, Jan"]
[Result "1/2-1/2"]
[WhiteElo "1412"]
[BlackElo "1253"]
[PlyCount "88"]
[EventDate "2015.??.??"]

1. e4 g6 2. d4 Bg7 3. c4 b6 4. Nc3 Bb7 5. Nf3 e6 6. Be3 Ne7 7. Bd3 d6 8. O-O
Nd7 9. Re1 O-O 10. Rc1 c6 11. a3 e5 12. d5 cxd5 13. cxd5 Nc5 14. Bb1 Ba6 15. b4
Nd7 16. Qa4 Nb8 17. Qd1 Qd7 18. h3 Rc8 19. Qd2 Rc7 20. Kh1 Bc4 21. a4 b5 22. a5
Na6 23. Qb2 Rac8 24. Na2 f5 25. Ng5 fxe4 26. Ne6 Rb7 27. Nxg7 Kxg7 28. Bxe4
Bxd5 29. Rxc8 Qxc8 30. Rc1 Qe6 31. Nc3 Bxe4 32. Nxe4 Nd5 33. Bd2 Rc7 34. Rxc7+
Naxc7 35. Qc1 Kg8 36. Qc6 Qf5 37. f3 Qe6 38. Ng5 Qe7 39. Ne4 Nf4 40. Nxd6 a6
41. Ne4 Nfe6 42. Qb7 Qd8 43. Bh6 Qh4 44. Qc8+ Qd8 1/2-1/2

[Event "SR 4. liga A21 2015/2016"]
[Site "?"]
[Date "2016.01.24"]
[Round "7.2"]
[White "Hirmajer, Jan"]
[Black "Curidlo, Jan"]
[Result "1-0"]
[WhiteElo "1923"]
[BlackElo "1878"]
[PlyCount "73"]
[EventDate "2015.??.??"]

1. c4 Nf6 2. Nc3 e6 3. g3 d5 4. Bg2 c6 5. b3 Be7 6. Nf3 Nbd7 7. O-O O-O 8. Rb1
Re8 9. d4 a6 10. Qc2 h6 11. e4 dxe4 12. Nxe4 Nxe4 13. Qxe4 Nf6 14. Qc2 Bd6 15.
Bb2 Rb8 16. Rbd1 Qc7 17. Rfe1 b5 18. Rc1 Bb7 19. c5 Be7 20. d5 Bd8 21. Be5 Qc8
22. Bxb8 Qxb8 23. d6 Nd5 24. Ne5 Bf6 25. Nd7 Qd8 26. Nxf6+ Nxf6 27. b4 Nd7 28.
a4 Qf6 29. axb5 axb5 30. Ra1 Qd4 31. Reb1 Nf6 32. Ra7 Rb8 33. Qd1 Qxd1+ 34.
Rxd1 Nd7 35. Rxb7 Rxb7 36. Bxc6 Ra7 37. Bxd7 1-0

[Event "SR 4. liga A21 2015/2016"]
[Site "?"]
[Date "2016.01.24"]
[Round "7.2"]
[White "Nedorost, Lubomir"]
[Black "Orvisky, Vladimir"]
[Result "1/2-1/2"]
[WhiteElo "1740"]
[BlackElo "1771"]
[PlyCount "103"]
[EventDate "2015.??.??"]

1. e4 Nf6 2. Nc3 e5 3. Bc4 d6 4. d3 Be7 5. f4 exf4 6. Bxf4 c6 7. Nf3 Bg4 8. O-O
Qb6+ 9. Kh1 Qxb2 10. Bd2 Qb6 11. Rb1 Qc7 12. h3 Bd7 13. Ng5 O-O 14. Ne2 h6 15.
Nf3 a5 16. a4 Na6 17. Qc1 Kh7 18. Ned4 Nc5 19. Nh4 Nfxe4 20. dxe4 Bxh4 21. Rxf7
Rxf7 22. Bxf7 Nxe4 23. Bc4 Nf2+ 24. Kg1 d5 25. Bf4 Qc8 26. Bf1 c5 27. Nf3 Nxh3+
28. gxh3 Bxh3 29. Nxh4 Qg4+ 30. Ng2 Re8 31. Qd2 Bxg2 32. Qxg2 Qxf4 33. Rxb7
Qd4+ 34. Qf2 Qg4+ 35. Qg2 Qd4+ 36. Kh1 Qh4+ 37. Qh3 Qe4+ 38. Bg2 Qe1+ 39. Kh2
Qe5+ 40. Qg3 Qh5+ 41. Kg1 Qd1+ 42. Bf1 Qd4+ 43. Kh2 c4 44. Rd7 Re4 45. Bg2 Rh4+
46. Bh3 Qd2+ 47. Qg2 Qf4+ 48. Kg1 Qe3+ 49. Kh2 Qe5+ 50. Kg1 Qe1+ 51. Kh2 Qe5+
52. Kg1 1/2-1/2

[Event "SR 4. liga A21 2015/2016"]
[Site "?"]
[Date "2016.01.24"]
[Round "7.2"]
[White "Lajda, Dusan"]
[Black "Oravec, Pavol"]
[Result "0-1"]
[WhiteElo "1841"]
[BlackElo "1597"]
[PlyCount "120"]
[EventDate "2015.??.??"]

1. e4 e6 2. d4 d5 3. Nc3 Nf6 4. e5 Nfd7 5. f4 c5 6. Nf3 a6 7. Bd3 Nc6 8. dxc5
Bxc5 9. Qe2 Qe7 10. Nd1 f6 11. exf6 Nxf6 12. Nf2 Bd7 13. Be3 Bxe3 14. Qxe3
O-O-O 15. O-O Rhe8 16. c3 Qd6 17. Ne5 Re7 18. Rac1 Kb8 19. Qb6 Qc7 20. Qb3 Ka7
21. Qa3 Rde8 22. c4 Qb6 23. c5 Qc7 24. Rfe1 Bc8 25. b4 Nxe5 26. fxe5 Nd7 27.
Qc3 Nb8 28. a4 Rf8 29. b5 Qd8 30. Qd4 Ka8 31. Re2 Ref7 32. g3 Qg5 33. Rf1 Rf3
34. Qh4 Qxh4 35. gxh4 R3f4 36. Ra2 Rxh4 37. Kg2 g6 38. h3 Rd4 39. Ng4 Rxf1 40.
Bxf1 Nd7 41. b6 Kb8 42. a5 Nxc5 43. Nf6 Ra4 44. Rf2 Rxa5 45. Nxh7 Nd7 46. Rb2
Nxe5 47. Nf6 Ra3 48. Ne8 Nd7 49. Nd6 e5 50. Ne8 Nc5 51. Rc2 Bxh3+ 52. Kh2 Bxf1
53. Rxc5 Rb3 54. Nf6 Rxb6 55. Nd7+ Ka7 56. Nxe5 Rb2+ 57. Kg1 Bg2 58. Nxg6 Kb6
59. Rc8 Bh3 60. Rd8 Rg2+ 0-1

[Event "SR 4. liga A21 2015/2016"]
[Site "?"]
[Date "2016.01.24"]
[Round "7.2"]
[White "Musaev, Matej Elbek"]
[Black "Krchnak, Rudolf"]
[Result "0-1"]
[WhiteElo "1401"]
[BlackElo "1745"]
[PlyCount "50"]
[EventDate "2015.??.??"]

1. e4 c5 2. c3 d6 3. d4 cxd4 4. cxd4 g6 5. Be3 Bg7 6. Qd2 Nf6 7. Nc3 O-O 8. Bh6
Nc6 9. Be2 Qb6 10. Bxg7 Kxg7 11. Nf3 Bg4 12. d5 Bxf3 13. Bxf3 Ne5 14. Be2 a6
15. O-O Rac8 16. Rac1 Nc4 17. Bxc4 Rxc4 18. Rc2 Rfc8 19. Rfc1 Qc7 20. f3 b5 21.
Kh1 b4 22. e5 dxe5 23. d6 Qxd6 24. Ne4 Qxd2 25. Nxd2 Rxc2 0-1

[Event "SR 4. liga A21 2015/2016"]
[Site "?"]
[Date "2016.01.24"]
[Round "7.2"]
[White "Varga, Adam"]
[Black "Musaev, Urmat"]
[Result "0-1"]
[WhiteElo "1315"]
[BlackElo "1000"]
[PlyCount "80"]
[EventDate "2015.??.??"]

1. e4 e5 2. Nf3 Nc6 3. Bc4 Bc5 4. O-O d6 5. d3 Bg4 6. Be3 Nd4 7. Nbd2 Qd7 8. c3
Ne6 9. b4 Bb6 10. Qb3 Nf6 11. h3 Bh5 12. Bxe6 fxe6 13. g4 Bf7 14. Qc2 Qe7 15.
a4 c6 16. a5 Bc7 17. Nb3 Nd7 18. Ng5 Bg6 19. d4 Rf8 20. dxe5 Nxe5 21. f4 Nc4
22. Qe2 Nxe3 23. Qxe3 h5 24. Rae1 e5 25. f5 Bf7 26. Nxf7 Qxf7 27. Nd2 b6 28. a6
b5 29. Qd3 hxg4 30. hxg4 Qf6 31. Nf3 Qh6 32. Kf2 O-O-O 33. Ke2 d5 34. Rh1 Qf4
35. Kf2 Bb6+ 36. Kf1 Qxg4 37. Rh4 Qg3 38. Re2 dxe4 39. Qxe4 Rd1+ 40. Re1 Qf2#
0-1

[Event "SR 4. liga A21 2015/2016"]
[Site "?"]
[Date "2016.01.24"]
[Round "7.3"]
[White "Sadlon, Juraj"]
[Black "Slaby, Jozef"]
[Result "1-0"]
[WhiteElo "1851"]
[BlackElo "1809"]
[PlyCount "87"]
[EventDate "2015.??.??"]

1. e4 d6 2. d4 Nf6 3. Bd3 g6 4. c4 Bg7 5. Nf3 c6 6. Nc3 a6 7. h3 b5 8. O-O O-O
9. Bg5 Qc7 10. Qd2 Re8 11. Rac1 Qa5 12. a3 Bb7 13. Nb1 Qxd2 14. Nbxd2 Nfd7 15.
b4 Nf8 16. Nb3 Ra7 17. Be3 d5 18. exd5 bxc4 19. dxc6 Bxc6 20. Bxc4 Bxf3 21.
gxf3 e6 22. a4 Rb7 23. b5 axb5 24. Bxb5 Rd8 25. Rc4 Nbd7 26. Nc5 Rbb8 27. Na6
Ra8 28. Nc7 Ra7 29. d5 exd5 30. Nxd5 Raa8 31. Nb6 Nxb6 32. Bxb6 Rd3 33. a5 Rxf3
34. Bc6 Rc8 35. Bxf3 Rxc4 36. a6 Nd7 37. Be3 Ne5 38. Bd5 Ra4 39. a7 g5 40.
a8=Q+ Rxa8 41. Bxa8 g4 42. Rd1 Bf6 43. Bh6 gxh3 44. Rc1 1-0

[Event "SR 4. liga A21 2015/2016"]
[Site "?"]
[Date "2016.01.24"]
[Round "7.3"]
[White "Vagovic, Milan"]
[Black "Hanzluvka, Peter"]
[Result "0-1"]
[WhiteElo "1607"]
[BlackElo "1925"]
[PlyCount "140"]
[EventDate "2015.??.??"]

1. d4 Nf6 2. c4 e6 3. Nc3 Bb4 4. a3 Bxc3+ 5. bxc3 b6 6. Nf3 d6 7. Bg5 h6 8. Bh4
Bb7 9. e3 Nbd7 10. Bd3 Qc8 11. O-O Ne4 12. Qc2 Ndf6 13. Nd2 Nxd2 14. Qxd2 g5
15. Bg3 h5 16. h3 h4 17. Bh2 g4 18. hxg4 Nxg4 19. e4 Kd7 20. Qf4 Qg8 21. Be2
Nxh2 22. Kxh2 Qg6 23. Bf3 Raf8 24. Rad1 Rhg8 25. Qe3 Kc8 26. a4 f5 27. d5 f4
28. Qe2 e5 29. Rg1 Kb8 30. a5 Rg7 31. axb6 cxb6 32. Ra1 Bc8 33. Rab1 Rfg8 34.
Ra1 Qf7 35. Rad1 Bg4 36. Rd3 Qc7 37. Bxg4 Rxg4 38. Rh3 Qg7 39. Qf3 a5 40. Kh1
a4 41. Rh2 a3 42. Ra1 Qa7 43. Qe2 Qa5 44. Qa2 Qxc3 45. Qxa3 Qxa3 46. Rxa3 f3
47. Re3 Rxg2 48. Rxg2 fxg2+ 49. Kg1 Rg4 50. Rc3 Kc7 51. Re3 Kd7 52. Rb3 Ke7 53.
Rxb6 Rxe4 54. Rb7+ Kd8 55. Kxg2 Rxc4 56. Rh7 Rd4 57. Kh3 Rxd5 58. Kxh4 Rd4+ 59.
Kg3 Rf4 60. f3 Ke8 61. Ra7 Rf7 62. Ra8+ Ke7 63. Ra7+ Ke6 64. Rxf7 Kxf7 65. Kf2
Kf6 66. Ke3 Kf5 67. Ke2 Kf4 68. Kf2 d5 69. Ke2 d4 70. Kf2 d3 0-1

[Event "SR 4. liga A21 2015/2016"]
[Site "?"]
[Date "2016.01.24"]
[Round "7.3"]
[White "Pericka, Pavol"]
[Black "Slaba, Andrea"]
[Result "1/2-1/2"]
[WhiteElo "1791"]
[BlackElo "1641"]
[PlyCount "123"]
[EventDate "2015.??.??"]

1. e4 d6 2. Bc4 Nf6 3. Nc3 g6 4. d3 Bg7 5. Nf3 O-O 6. h3 c5 7. Ne2 Nc6 8. c3
Na5 9. Bb5 a6 10. Ba4 c4 11. O-O cxd3 12. Qxd3 b5 13. Bc2 Bb7 14. Ng3 Qc7 15.
b3 Rac8 16. Bb2 Nd7 17. Nd4 Nc6 18. Rac1 Nxd4 19. cxd4 Bh6 20. f4 e5 21. Bb1
Qb6 22. Rxc8 Rxc8 23. f5 d5 24. fxg6 fxg6 25. exd5 Bxd5 26. Kh1 Qb7 27. Ne4
Bxe4 28. Qxe4 Qxe4 29. Bxe4 Bf4 30. Bd5+ Kh8 31. Be6 Rc2 32. Ba1 Nf8 33. d5
Nxe6 34. dxe6 Kg8 35. e7 Kf7 36. g3 Rc1 37. Rxc1 Bxc1 38. e8=Q+ Kxe8 39. Bxe5
Kd7 40. Kg2 Ke6 41. Bc3 Kd5 42. Kf3 Bh6 43. g4 Bf8 44. Kf4 Bh6+ 45. Kf3 Bc1 46.
h4 Bh6 47. h5 Bg5 48. Bb2 a5 49. Bc3 a4 50. Bg7 axb3 51. axb3 Kc5 52. hxg6 hxg6
53. Bc3 Kd5 54. Bg7 Bd2 55. Ke2 Bf4 56. Kd3 Bd6 57. Bc3 Bf4 58. Bg7 Bd6 59. Bc3
Bf8 60. Bd4 Bb4 61. Bg7 Bd6 62. Bc3 1/2-1/2

[Event "SR 4. liga A21 2015/2016"]
[Site "?"]
[Date "2016.01.24"]
[Round "7.3"]
[White "Pripko, Bystrik"]
[Black "Sadlon, Matus"]
[Result "0-1"]
[WhiteElo "1674"]
[BlackElo "1671"]
[PlyCount "166"]
[EventDate "2015.??.??"]

1. e4 e5 2. Nf3 Nc6 3. Bc4 Nf6 4. d3 Be7 5. a3 d6 6. h3 O-O 7. O-O a6 8. Nc3 b5
9. Bb3 Na5 10. Ba2 c5 11. Nd5 Nxd5 12. Bxd5 Bb7 13. Bxb7 Nxb7 14. b3 f5 15.
exf5 Rxf5 16. Nh2 Qd7 17. Ng4 Raf8 18. Ne3 R5f7 19. Qg4 Qxg4 20. Nxg4 Nd8 21.
Be3 Nc6 22. c3 h5 23. Nh2 Bf6 24. Rac1 Be7 25. Nf3 Rf5 26. Nd2 d5 27. d4 exd4
28. cxd4 c4 29. b4 Kh7 30. Nb3 Kg6 31. Nc5 Bxc5 32. dxc5 d4 33. Bd2 Ne5 34.
Rce1 Nd3 35. Re6+ R5f6 36. Rxf6+ Rxf6 37. f3 Re6 38. Rd1 Kf6 39. Kf1 g5 40. Be1
h4 41. Bf2 Nxf2 42. Kxf2 d3 43. Re1 Rc6 44. Re4 a5 45. Ke3 axb4 46. axb4 Ra6
47. f4 Ra2 48. fxg5+ Kxg5 49. c6 Re2+ 50. Kd4 Rxe4+ 51. Kxe4 d2 52. c7 d1=Q 53.
c8=Q Qd3+ 54. Ke5 Qe3+ 55. Kd5 Qd3+ 56. Kc6 Qf5 57. Qb8 c3 58. Qa7 Qe5 59. Qa2
Qf5 60. Qa1 Qd3 61. Qe1 c2 62. Qe7+ Kh5 63. Qe5+ Kh6 64. Qf4+ Kg7 65. Qe5+ Kf7
66. Qf4+ Ke7 67. Qxh4+ Ke6 68. Qh6+ Ke5 69. Qg5+ Kd4 70. Qc5+ Ke4 71. Qe7+ Kf4
72. Qh4+ Ke3 73. Qg5+ Ke2 74. Qg4+ Kd2 75. Qg5+ Kd1 76. Qh5+ Kc1 77. g4 Kb1 78.
Qxb5 Qxb5+ 79. Kxb5 c1=Q 80. Ka5 Kb2 81. b5 Kb3 82. b6 Qc6 83. g5 Qa4# 0-1

[Event "SR 4. liga A21 2015/2016"]
[Site "?"]
[Date "2016.01.24"]
[Round "7.3"]
[White "Brath, Zdeno"]
[Black "Piestansky, Jan"]
[Result "0-1"]
[WhiteElo "1496"]
[BlackElo "1694"]
[PlyCount "76"]
[EventDate "2015.??.??"]

1. e4 e5 2. Bc4 d6 3. d3 h6 4. Nc3 Nf6 5. h3 Be7 6. Nf3 Nc6 7. Be3 Na5 8. Bb3
Nxb3 9. axb3 a6 10. d4 exd4 11. Nxd4 Bd7 12. O-O O-O 13. Nf5 Bxf5 14. exf5 Qd7
15. Qf3 c6 16. Rfe1 d5 17. Na4 Rae8 18. Nc5 Qc7 19. Bf4 Qc8 20. Be3 Kh7 21. Nd3
Bd6 22. Bc5 Qd7 23. g4 Re4 24. Qg2 Rfe8 25. Kf1 Rxe1+ 26. Rxe1 Rxe1+ 27. Kxe1
Qe7+ 28. Be3 d4 29. g5 hxg5 30. Qxg5 dxe3 31. fxe3 Qe4 32. Ke2 b6 33. b4 Bxb4
34. Nxb4 Qxb4 35. b3 Qb5+ 36. Ke1 Qb4+ 37. Ke2 Qc5 38. Qh4+ Kg8 0-1

[Event "SR 4. liga A21 2015/2016"]
[Site "?"]
[Date "2016.01.24"]
[Round "7.4"]
[White "Sefcik, Marek"]
[Black "Danada, Tomas"]
[Result "1-0"]
[WhiteElo "2041"]
[BlackElo "2170"]
[PlyCount "91"]
[EventDate "2015.??.??"]

1. Nf3 b6 2. d4 Bb7 3. e3 e6 4. Bd3 d6 5. b3 Nd7 6. Bb2 Ngf6 7. Nbd2 Be7 8. O-O
O-O 9. c4 c5 10. Qc2 Rc8 11. Rac1 Qc7 12. Qb1 Rfd8 13. a3 Qb8 14. Rfe1 Qa8 15.
e4 cxd4 16. Nxd4 g6 17. f3 Nh5 18. Nf1 Bh4 19. g3 Be7 20. Nd2 Bg5 21. Rcd1 a6
22. Bf1 Nc5 23. Ba1 b5 24. cxb5 axb5 25. Nxb5 f5 26. Nc4 fxe4 27. f4 Be7 28.
Nb6 Qb8 29. Nxc8 Bxc8 30. a4 g5 31. Qb2 Bf6 32. Qe2 Nd3 33. Qxh5 Qb6+ 34. Kh1
Bxa1 35. Bxd3 exd3 36. Qxg5+ Bg7 37. Kg2 Qc6+ 38. Kf2 Rf8 39. Rxd3 h6 40. Qg6
Rf6 41. Qe4 d5 42. Qe3 Bb7 43. Nd4 Qd6 44. Nxe6 d4 45. Nxd4 Rg6 46. Nf5 1-0

[Event "SR 4. liga A21 2015/2016"]
[Site "?"]
[Date "2016.01.24"]
[Round "7.4"]
[White "Jozefovic, Milan"]
[Black "Horak, Ivan"]
[Result "0-1"]
[WhiteElo "1849"]
[BlackElo "2045"]
[PlyCount "150"]
[EventDate "2015.??.??"]

1. e4 c5 2. Nf3 d6 3. d4 cxd4 4. Nxd4 Nf6 5. Nc3 a6 6. Bd3 g6 7. O-O Bg7 8. Nf3
Nbd7 9. Nd5 b5 10. c3 Bb7 11. Nxf6+ Nxf6 12. Re1 Nd7 13. Qe2 O-O 14. Bf4 Qc7
15. Rad1 Rac8 16. a3 Rfd8 17. h3 Qc5 18. Be3 Qc7 19. Bf4 Nc5 20. Bc2 Ne6 21.
Bg3 Qc5 22. Bb3 Ng5 23. Nxg5 Qxg5 24. Qf3 Qf6 25. Qe3 e5 26. Bd5 Bxd5 27. Rxd5
Rc6 28. Red1 Rdc8 29. Qd2 Bf8 30. f4 exf4 31. Bxf4 Qe6 32. Bxd6 Qxe4 33. Bxf8
Rxf8 34. Rd8 Re6 35. Rxf8+ Kxf8 36. Qd8+ Kg7 37. Qd4+ Qxd4+ 38. Rxd4 Re2 39.
Rb4 h5 40. b3 Rc2 41. c4 bxc4 42. bxc4 h4 43. Ra4 g5 44. Rxa6 Rxc4 45. a4 Rc2
46. a5 Ra2 47. Ra8 Kf6 48. a6 Kf5 49. a7 Kf4 50. Kh2 Ra1 51. Rb8 Rxa7 52. Rb2
f6 53. Rf2+ Ke5 54. g4 hxg3+ 55. Kxg3 Ra3+ 56. Kg2 Re3 57. Ra2 f5 58. Ra5+ Kf4
59. Ra4+ Ke5 60. Ra2 f4 61. Ra5+ Kf6 62. Ra6+ Kf5 63. Ra5+ Kg6 64. Ra6+ Kh5 65.
Rb6 Rg3+ 66. Kh2 Rc3 67. Kg2 Rc2+ 68. Kf3 Rh2 69. Rb8 Rxh3+ 70. Ke4 Kg4 71. Rb1
Re3+ 72. Kd4 Re8 73. Rg1+ Kf5 74. Ra1 f3 75. Ra5+ Kf4 0-1

[Event "SR 4. liga A21 2015/2016"]
[Site "?"]
[Date "2016.01.24"]
[Round "7.4"]
[White "Chabada, Tomas"]
[Black "Kocak, Branislav"]
[Result "1-0"]
[WhiteElo "1947"]
[BlackElo "1919"]
[PlyCount "71"]
[EventDate "2015.??.??"]

1. e4 c5 2. Nf3 d6 3. d4 cxd4 4. Nxd4 Nf6 5. Nc3 a6 6. f3 e5 7. Nb3 Be6 8. Be3
Nbd7 9. Qd2 Be7 10. O-O-O h5 11. h3 b5 12. Kb1 Rc8 13. Bd3 h4 14. f4 exf4 15.
Bxf4 Ne5 16. Nd5 Bxd5 17. exd5 Nxd3 18. Qxd3 Rh5 19. Qf3 Qc7 20. c3 Kf8 21. g4
hxg3 22. Rhg1 a5 23. Qxg3 g6 24. Nd4 Rxd5 25. Ne6+ fxe6 26. Rxd5 Nxd5 27. Qxg6
Bf6 28. Bh6+ Ke7 29. Qh7+ Bg7 30. Rxg7+ Kf6 31. Qg6+ Ke5 32. Qg3+ Ke4 33. Qg4+
Kd3 34. Qd4+ Ke2 35. Rg2+ Kf3 36. Qg4# 1-0

[Event "SR 4. liga A21 2015/2016"]
[Site "?"]
[Date "2016.01.24"]
[Round "7.4"]
[White "Bilovsky, Milan"]
[Black "Husek, Lubomir"]
[Result "1-0"]
[WhiteElo "1901"]
[BlackElo "1880"]
[PlyCount "61"]
[EventDate "2015.??.??"]

1. e4 e5 2. Nf3 Nc6 3. Bc4 Be7 4. d4 d6 5. d5 Nb8 6. O-O Bg4 7. Be2 Nf6 8. Nc3
h6 9. Be3 Nbd7 10. Nd2 Bxe2 11. Qxe2 Qc8 12. f4 exf4 13. Rxf4 Ne5 14. h3 Qd7
15. Nb5 a6 16. Nd4 O-O-O 17. c4 g5 18. Rf5 g4 19. h4 g3 20. c5 Qa4 21. b3 Qb4
22. Rc1 Kb8 23. c6 Nfg4 24. Nc2 Qa5 25. Bd4 Rhg8 26. cxb7 Bxh4 27. Nc4 Nxc4 28.
Qxc4 Qd2 29. Nb4 Ne5 30. Rxe5 dxe5 31. Nc6+ 1-0

[Event "SR 4. liga A21 2015/2016"]
[Site "?"]
[Date "2016.01.24"]
[Round "7.4"]
[White "Kovarik, Oto"]
[Black "Brunovsky, Peter"]
[Result "1-0"]
[WhiteElo "1799"]
[BlackElo "1838"]
[PlyCount "105"]
[EventDate "2015.??.??"]

1. e4 c6 2. d4 d5 3. exd5 cxd5 4. Nf3 Nc6 5. h3 g6 6. Bd3 Bg7 7. c3 Nh6 8. Qe2
f6 9. O-O Nf7 10. c4 O-O 11. Nc3 e6 12. Be3 Kh8 13. Rad1 Re8 14. a3 a5 15. Bb1
b6 16. Ba2 Ba6 17. Nb5 Nd6 18. b3 Ne4 19. Rc1 Rc8 20. Nd2 f5 21. Nf3 Qe7 22. a4
Bxb5 23. cxb5 Nb4 24. Bb1 Kg8 25. Qb2 Bf6 26. Ne5 Qb7 27. Bxe4 fxe4 28. Rxc8
Rxc8 29. Rc1 Rc7 30. f4 Bxe5 31. dxe5 Nd3 32. Rxc7 Qxc7 33. Qd4 Nc5 34. Qc3 Kf7
35. b4 axb4 36. Qxb4 Nd7 37. Kh2 Ke8 38. a5 bxa5 39. b6 Qc6 40. Qxa5 Qb7 41.
Qa7 Qb8 42. b7 Qc7 43. Bb6 Qb8 44. Qxb8+ Nxb8 45. Bc7 Kd7 46. Bxb8 Kc6 47. Ba7
Kxb7 48. Bd4 Kc6 49. Kg1 Kb5 50. Kf2 h5 51. Ke3 h4 52. Bc3 Kc4 53. Be1 1-0

[Event "SR 4. liga A21 2015/2016"]
[Site "?"]
[Date "2016.01.24"]
[Round "7.5"]
[White "Sobek, Michal"]
[Black "Podjavorinsky, Michal"]
[Result "0-1"]
[WhiteElo "1931"]
[BlackElo "1859"]
[PlyCount "156"]
[EventDate "2015.??.??"]

1. e4 c6 2. Nc3 d5 3. Nf3 dxe4 4. Nxe4 Nd7 5. Bc4 Ngf6 6. Neg5 e6 7. Qe2 Nb6 8.
Ne5 Nxc4 9. Qxc4 Qd5 10. Qxd5 exd5 11. Nexf7 Rg8 12. Ne5 h6 13. Ngf3 Bf5 14. d3
O-O-O 15. h4 Ng4 16. Bf4 Re8 17. O-O Bd6 18. Rfe1 Re6 19. Nd4 Bc5 20. Nxe6
Bxf2+ 21. Kf1 Bxe1 22. Nd4 Nxe5 23. Bxe5 Bxh4 24. Bxg7 Bxd3+ 25. cxd3 Rxg7 26.
Nf5 Rg4 27. Nxh4 Rxh4 28. Ke2 Kc7 29. Rf1 Kb6 30. Rf7 h5 31. Rg7 Rb4 32. b3 a5
33. Kd2 a4 34. Kc3 Rh4 35. Rg5 axb3 36. axb3 Kc5 37. g3 Rg4 38. Rxh5 Rxg3 39.
Rh4 Rg7 40. Rf4 Rd7 41. Rf5 b6 42. Rh5 Kb5 43. Rg5 c5 44. d4 cxd4+ 45. Kxd4 Kc6
46. Rg6+ Rd6 47. Rg4 Rh6 48. Rg3 Rh4+ 49. Kc3 Kc5 50. Rg5 b5 51. b4+ Kd6 52.
Rf5 Ke6 53. Rg5 Rf4 54. Rh5 Rf5 55. Rh3 Ke5 56. Re3+ Kd6 57. Rh3 Rf4 58. Rh5
Re4 59. Rg5 Ke6 60. Rh5 Rg4 61. Rh8 Ke5 62. Re8+ Kf5 63. Rf8+ Ke4 64. Re8+ Kf3
65. Rf8+ Ke3 66. Rd8 d4+ 67. Kc2 Rg2+ 68. Kc1 d3 69. Re8+ Kd4 70. Rc8 d2+ 71.
Kd1 Kd3 72. Rd8+ Kc3 73. Rc8+ Kxb4 74. Rc2 Kb3 75. Rxd2 Rg1+ 76. Ke2 Rg2+ 77.
Kd1 Rxd2+ 78. Kxd2 Kb2 0-1

[Event "SR 4. liga A21 2015/2016"]
[Site "?"]
[Date "2016.01.24"]
[Round "7.5"]
[White "Miciak, Emanuel"]
[Black "Nemeckay, Rastislav"]
[Result "0-1"]
[WhiteElo "1840"]
[BlackElo "2003"]
[PlyCount "94"]
[EventDate "2015.??.??"]

1. d4 d5 2. c4 c6 3. Nf3 Nf6 4. Nc3 e6 5. Bg5 Nbd7 6. e3 Qa5 7. Nd2 dxc4 8.
Bxf6 Nxf6 9. Nxc4 Qc7 10. Bd3 Bb4 11. Rc1 Nd5 12. O-O Nxc3 13. bxc3 Be7 14. Qh5
g6 15. Qf3 O-O 16. e4 b6 17. e5 Ba6 18. Qg3 Bxc4 19. Bxc4 Rfd8 20. h4 c5 21. h5
Kg7 22. Qh3 Qd7 23. Rfd1 Rac8 24. hxg6 hxg6 25. Ba6 Rc7 26. Bc4 b5 27. Bb3 cxd4
28. cxd4 Rxc1 29. Rxc1 Qxd4 30. Qg3 Bh4 31. Qf3 Qxe5 32. g3 Bg5 33. Rc6 Qe1+
34. Kg2 Rh8 35. Qc3+ Qxc3 36. Rxc3 Bd8 37. Rd3 Bb6 38. Rd7 Kf6 39. f3 Rd8 40.
Rb7 g5 41. g4 Rd2+ 42. Kg3 Be3 43. f4 Bxf4+ 44. Kf3 a6 45. Ke4 Kg6 46. a4 f5+
47. Kf3 Rd3+ 0-1